Jednostki OSP KSRG powiatu Lubartowskiego - Statystyki

Ogólne statystyki
  • Ten quiz został rozwiązany 61 razy
  • Średni wynik to 17 z 20
Statystyki odpowiedzi
Odpowiedź % Poprawnych
OSP Ostrówek
94%
OSP Abramów
88%
OSP Kamionka
88%
OSP Kock
88%
OSP Niedźwiada
88%
OSP Pałecznica
88%
OSP Brzeziny
81%
OSP Firlej
81%
OSP Jeziorzany
81%
OSP Michów
81%
OSP Nowa Wola
81%
OSP Nowodwór
81%
OSP Nowy Uścimów
81%
OSP Ostrów Lubelski
81%
OSP Przytoczno
81%
OSP Serock
81%
OSP Talczyn
81%
OSP Wólka Rokicka
81%
OSP Jamy
75%
OSP Samoklęski
75%
Nie znaleziono quizów pasujących do podanych kryteriów
Rozkład punktacji
Procent ludzi z każdym wynikiem
Percentyl według liczby udzielonych odpowiedzi
Twoja historia wyników
Nie rozwiązałeś tego quizu